| 000 | 01078nam a22003137a 4500 | ||
|---|---|---|---|
| 003 | CHAP | ||
| 005 | 20220329133904.0 | ||
| 008 | 971013s1978 r 00010 d | ||
| 010 | _a12303 | ||
| 011 | _a13275 | ||
| 035 | _a17346 | ||
| 040 | _cCHAP | ||
| 082 |
_a636.0894 _bG5 |
||
| 100 | 0 | 0 |
_aGibson, T. E. _947884 |
| 245 | _aWeather and parasitic animal diseases | ||
| 260 |
_aGeneva : _bWorld Meteorological Organization, _c1978 |
||
| 300 |
_a174 p. _b: gráfs. |
||
| 490 |
_aOrganización Meteorollógica Mundial. Nota tecnica _v; 159 |
||
| 590 |
_aBATCH-UPD _b10 _c20130110 _lUCH01 _h1555 |
||
| 590 |
_aBATCH-UPD _b10 _c20130410 _lUCH01 _h0952 |
||
| 590 |
_aBATCH-UPD _b10 _c20130914 _lUCH01 _h0339 |
||
| 590 |
_aCONVERSION _b10 _c20130109 _lUCH01 _h1308 |
||
| 650 | 1 | 4 |
_aAnimales domesticos _xEfecto del medio ambiente. _95900 |
| 650 | 1 | 4 |
_aAnimales domésticos _xParásitos. _95911 |
| 830 | 0 |
_aOrganización Meteorollógica Mundial. Nota tecnica _v; 159 _983551 |
|
| 901 | _aBK | ||
| 942 | _cLIBRO | ||
| 949 |
_a636.0894 G5 _bBC _cLIBRO _d33724000092177 _eLIBRO _h55113 _i17346 _si |
||
| 999 |
_c12303 _d12303 |
||